00268 a2200121 4500001000700000040003500007100001700042240003400059245002900093300000700122362000900129440000800138149055 cEscola São Tomás de Aquino aPORTES, Maxs10aGato, castelo, elefante?lpor10aGato, castelo, elefante? a320 a2011 1aRHJ